000 00312nam a22001337a 4500
008 170616b xxu||||| |||| 00| 0 eng d
020 _a0813312078
041 _aeng
080 _a32
100 _a20
101 _aSHP
245 _aTHE MAKING OF SOCIAL MOVEMENTS IN LATIN AMERICA
_cESCOBAR,A
942 _2udc
_cBK
999 _c17968
_d17968